| 000 | 00837nam a2200253 a 4500 | ||
|---|---|---|---|
| 001 | 26578 | ||
| 003 | CO-ViMGA | ||
| 008 | 141112s2004 ck r 000 u spa d | ||
| 020 | _a9789681647056 | ||
| 040 |
_aCO-ViMGA _bspa _cCO-ViMGA |
||
| 090 | _aC HIN1 | ||
| 100 | 1 |
_aHinojosa, Francisco _93618 |
|
| 245 | 1 | 0 |
_aLa peor señora del mundo / _cFrancisco Hinojosa ; ilustraciones de Rafael Barajas, "El Fisgón" |
| 250 | _a2 | ||
| 260 |
_aMéxico : _bFondo de Cultura Económica |
||
| 300 | _a44 p / 19 cm | ||
| 490 | _aA la orilla del viento. Para los que están aprendiendo a leer ; 30 | ||
| 500 | _aCatalogación en la fuente | ||
| 650 | 1 | 4 | _aCUENTOS INFANTILES MEXICANOS |
| 650 | 1 | 4 |
_aLIBROS ILUSTRADOS PARA NIÑOS _92001 |
| 650 | 1 | 4 |
_aSEÑORAS - - CUENTOS INFANTILES _93620 |
| 700 | 1 | _aBarajas, Rafael, il. | |
| 942 |
_2ddc _cBK |
||
| 999 |
_c8192 _d8192 |
||